000 01300nam0a22003011 4500
001 rc\3632635
005 20130115144935.2
021 _aRU
_b74-80165
021 _aRU
_bРг11674-74
035 _a(NLR Aleph) 007724206
090 _a6984852
_c6984852
100 _a20130115d1974 |||y0rusy50 ca
101 0 _arus
102 _aRU
105 _ay b |||||
200 1 _aМетодика дробного открытия некоторых катионов
_fВоен. акад. хим. защиты им. Маршала Сов. Союза С.К. Тимошенко. Кафедра аналит. химии
210 _aМосква
_cБ. и.
_d1974
215 _a15 с.
_d30
300 _aНа обороте тит. л. сост.: доценты Овсянкина В.В., Шашкова М.В. и преп. Скаткина И.Л.
702 1 _aШашкова
_bМ. В.
_4220
702 1 _aСкаткина
_bИ. Л.
_4220
702 1 _aОвсянкина
_bВ. В.
_4220
712 0 2 _aВоенная академия химической защиты им. С. К. Тимошенко
_cМосква
_bКафедра аналитической химии
_3RU\NLR\AUTH\889951721
801 0 _aRU
_bNLR
_gpsbo
801 1 _aRU
_bELAR
_2rusmarc
852 _aNLR
_j74-8/844
942 _cBOOK
980 _aNB